000 00548nam a2200217Ia 4500
003 OSt
005 20230327093325.0
008 210423s2008 xx 000 0 und d
020 _a818030163
040 _cAL
041 _aeng
082 _a540.03
_223
_b SELV
100 _aSELVARAJ (V K).
_978051
245 _aEncyclopaedic dictionary of chemistry.V3.
260 _aNew Delhi
_bCampus Books
_c2008
300 _avi,922
_bHB
365 _cINR
440 _v3
906 _a3. ; chemistry.V ; dictionary ; Encyclopaedic
942 _2ddc
_cBK
999 _c154061
_d154061